000 00278nam a22001337a 4500
008 190305b xxu||||| |||| 00| 0 eng d
020 _a9781590596142
041 _aeng
080 _a004
100 _a28
101 _aSHK
245 _aCSS Mastery
_cBudd,A
942 _2udc
_cBK
999 _c54539
_d54539